000 00284nam a22001337a 4500
020 _a81-7478-204-4
082 _a001
_bLAL/A
100 _aLAL, UADY L
245 _aAMAZING FACTS
260 _aCHENNAI
_bSURA BOOKS
300 _a139
650 _aGENERAL KNOWLEDGE
_zINDIA
942 _cBK
999 _c6545
_d6545